| 000 | 00694cab a22001815a 4500 | ||
|---|---|---|---|
| 001 | L158793 | ||
| 008 | 150723e2015 xxk 000 0 eng d | ||
| 035 | _a(Sirsi) u158793 | ||
| 041 | 0 | _aeng | |
| 100 | 1 | _aRushton, Trevor | |
| 245 | 0 | 0 |
_aPay Attention _h[electronic resource] |
| 490 |
_aRICS Building Surveying Journal _vJuly 2015- August 2015, 4-5(2) |
||
| 520 | _aDefects in modern buildings are due to a failure to apply a few essential principles, argues Trevor Rushton. | ||
| 650 | 2 | 4 | _aBuilding materials and defects |
| 651 | 4 |
_aUnited Kingdom _y |
|
| 856 | 4 | 0 |
_uhttps://www.rics.org/Global/Building_Surveying_Journal_July_August_2015.pdf _zView the article at www.rics.org |
| 942 | _n0 | ||
| 999 |
_c84700 _d84700 |
||